000 00338nam a2200133Ia 4500
008 240624s9999 xx 000 0 und d
041 _aeng
082 _a519.5 BES
100 _aBEST HENNING
245 _aSAGE HANDBOOK OF REGRESSION ANALYSIS AND
260 _c2015
_aNew Delhi
_bSage
300 _aix, 414 p,: 23 cm.
365 _cBPS
_b38
999 _c31247
_d31247